[Event "RUS-chT 05th"]
[Site "Maikop"]
[Date "1998.06.03"]
[Round "1"]
[White "Iskusnyh, Sergei"]
[Black "Zakharevich, Igor"]
[Result "1-0"]
[WhiteElo "2455"]
[BlackElo "2530"]
[Annotator "Ribli,Z"]
[PlyCount "49"]
[EventDate "1998.06.03"]
[EventType "team-tourn"]
[EventRounds "11"]
[EventCountry "RUS"]
[SourceTitle "CBM 066"]
[Source "ChessBase"]
[SourceDate "1998.09.30"]
[SourceVersion "1"]
[SourceVersionDate "1998.09.30"]
[SourceQuality "1"]
[WhiteTeam "Novokuznetsk"]
[BlackTeam "Cherepovets Severstal"]
[WhiteTeamCountry "RUS"]
[BlackTeamCountry "RUS"]

1. Nf3 d6 2. d4 Bg4 {Diese Variante ist in letzter Zeit sehr populär. Der
einzige Vorteil von 2...Bg4 liegt meines Erachtens darin, daß Schwarz die
Theorie vermeiden kann. Für gewöhnlich (wie auch in dieser Partie) bietet das
Läuferpaar dem Weißen die besseren Chancen, während der Nachziehende ohne
konkrete Gegenchancen bleibt. Im übrigen, um eine ein wenig philosophische
Frage zu stellen, wäre dies ja ein denkbar einfacher Weg für Schwarz die
gängigen Entwicklungsprobleme seines Damenläufers zu lösen. Ribli.} 3. c4 Bxf3
4. exf3 {Dies ist die beste Möglichkeit für Weiß. Er spielt später f3-f4 und
bringt den Läufer via e2 auf f3 in Stellung.} c6 5. Nc3 g6 (5... e6 $2 6. d5 $1
exd5 7. cxd5 Nd7 8. Bf4 Nb6 9. dxc6 bxc6 10. Ba6 Qd7 11. O-O Be7 12. Re1 Rd8
13. Qe2 Nf6 14. Nb5 Kf8 15. Nd4 {Lukacs,P-Miltner,A/Budapest FS08 GM 1996/EXP
54/1-0 (50)}) (5... Nd7 6. Be2 Ngf6 7. f4 g6 8. Be3 Bg7 9. d5 c5 10. Qc2 a6 11.
a4 Qa5 12. Bd2 Qc7 13. f5 O-O-O 14. a5 gxf5 15. Qxf5 Rde8 16. Qc2 e6 17. O-O h5
18. Rfd1 {1-0 Knaak,R-Schoeneberg,M/BL9192 1992 (39)}) 6. Be2 Bg7 7. Be3 (7.
O-O Nh6 8. d5 Nf5 9. Bd3 Nd4 10. Re1 Nd7 11. Bg5 Ne5 12. f4 h6 13. Bh4 g5 14.
fxe5 gxh4 15. exd6 Qxd6 16. Qg4 Kf8 17. Qxh4 Qf6 18. Qh3 {1-0 Khalifman,
A-Rashkovsky,N/Moscow PCA-Intel qual 1995/EXP 46 (26)}) 7... Nd7 (7... Nf6 8.
O-O O-O 9. d5 Nbd7 (9... cxd5 10. cxd5 Nbd7 11. Re1 (11. Qb3 $5) 11... Qa5 12.
Qb3 a6 13. a4 Rfc8 14. Bf1 Kf8 15. Rad1 {Shipov,S-Odesskij,I/Moscow2 1994/1-0 
(46)}) 10. Qb3 Qb8 (10... cxd5 11. cxd5 Qb8 12. Rfc1 Rc8 13. f4 a6 14. a4 b6
15. Bf3 Nc5 16. Qd1 Ra7 17. b4 Ncd7 18. Ne2 Rac7 19. Nd4 Qb7 20. Nc6 {1-0
Stohl,I-Pribyl,J/BL 9394 (56)}) 11. Rfd1 Rc8 12. Rac1 a6 13. Rd2 $5 {Gelfand,
B-Ivanchuk,V/Investbanka 1997/1/2-1/2 (63)}) 8. Qd2 Ngf6 (8... e6 {Schwarz
beabsichtigt, mit 9...d5 eine feste Stellung zu errichten.} 9. d5 (9. Ne4 $5)
9... cxd5 10. cxd5 e5 11. Nb5 $15 {[%csl Rd6,Re8][%cal Rb5d6,Rb5a7]} Qb8 12.
Rc1 $16) 9. g4 $5 $146 {Eine originelle Idee. Weiß führt einen direkten
Angriff am Königsflügel. Warum nicht? Schwarz hat keine Gegenmittel im Zentrum.
} (9. d5 O-O (9... Rc8 10. O-O cxd5 11. cxd5 O-O 12. a4 Qa5 13. Ra3 $14 {
van der Sterren,P-Plaskett,J/London 1993}) (9... cxd5 10. cxd5 O-O 11. O-O Qa5
12. Rfc1 Rfc8 13. Rab1 Qd8 14. f4 Nb6 15. b3 Rc7 16. Bf3 Rac8 17. a4 Nfd7 18.
Nb5 {Tratar,M-Kozul,Z/Ljubljana op 1995/1/2-1/2 (55)}) 10. O-O a6 11. Rac1 (11.
Rab1 cxd5 12. Nxd5 Nxd5 13. Qxd5 Qc7 14. f4 e6 15. Qd2 Rfd8 16. Rbc1 Bf8 17.
Rfd1 {1/2-1/2 Stohl,I-Karlsson,L/Hamburg Wichern op 1993/EXT 93op (48)}) 11...
Re8 12. f4 Qc7 13. Rfd1 Rac8 14. a3 Qb8 15. b4 Rc7 16. dxc6 Rxc6 17. a4 Rcc8
18. a5 {Stocek,J-Velicka,P/Team Championships, CZE 1998/1-0 (45)}) (9. O-O $14
{Weiß hat Raumvorteil und das Läuferpaar. Seine Chancen sind etwas besser.})
9... h6 $6 {Dieser Zug gefällt mir wegen der Schwächung des Königsflügels
nicht.} (9... O-O 10. g5 Ne8 (10... Nh5 11. f4 $16 {[%csl Rh5][%cal Ge2h5]})
11. h4 $36) 10. O-O d5 {Wegen der Schwachung mit ...h6 kann Schwarz nicht kurz
rochieren.} (10... g5 11. f4 gxf4 12. Bxf4 $14 {[%csl Rh6] Schwarz kann kein
Gegenspiel organisieren und früher oder später wird seinem König in der Mitte
unwohl.}) 11. cxd5 Nxd5 (11... cxd5 12. f4 $36) 12. Nxd5 cxd5 13. Rac1 $14 {
[%csl Re8,Rh6][%cal Gc1c8] Die Doppelbauern auf f3 und f2 sind nicht schwach
und dank seines Läuferpaares und der Herrschaft über die c-Linie steht der
Weiße etwas besser.} h5 {Schwarz befreit sich auf diese Weise von der Schwäche
des h-Bauern.} 14. Rc3 (14. g5 $6 O-O $11 {[%csl Gg8]}) 14... hxg4 15. fxg4 e5
$6 {[%cal Gd8h4,Gh4h2] Dieser Zug ist nicht logisch. Der schwarze König steht
in der Mitte, aber trotzdem öffnet der Nachziehende das Spiel im Zentrum.} (
15... O-O 16. Rfc1 $14 (16. Bh6 e6 17. Rh3 {[%csl Rg8]} (17. Bxg7 Kxg7 18. Rh3
Rh8 {[%csl Gh8][%cal Gh8h2]}) 17... Qf6 18. Bxg7 Qxg7)) 16. f4 $1 {[%csl Re8]
Ein vielseitiger Zug. Weiß kann im Falle von 16...Qh4 den Bauern h2
verteidigen und bezieht anderseits Position im Zentrum.} Qh4 $6 (16... exf4 $5
17. Bxf4 O-O 18. Rc7 $36) (16... e4 17. g5 $14 {Weiß hat Raumvorteil und plant
f4-f5.}) (16... exd4 17. Bxd4 $16 {[%csl Gd4,Rd5,Re8]}) 17. Rf2 {[%csl Rh4]
Der Punkt h2 ist verteidigt und die schwarze Dame steht auf h4 schlecht.} exf4
(17... e4 18. Rc7 $14 {[%csl Gc7]} (18. g5 {[%csl Rh4]})) 18. Bxf4 O-O 19. g5
$1 {[%csl Rh4] Die weiße Drohung Kg1-g2 nebst Rc3-h3 mit Damenfang ist leicht
zu erkennen, aber schwierig zu parieren.} Nb6 {[%cal Rb6c4]} (19... f6 $5 20.
Bf3 (20. Kg2 fxg5 21. Rh3 Qxf2+ 22. Kxf2 Rxf4+ $13 {[%csl Rd4,Rf2,Gf4,Gg7]})
20... Nb6 21. gxf6 Bxf6 22. Rc7 $36) 20. b3 (20. Kg2 Nc4 21. Bxc4 dxc4 22. Rxc4
Qg4+ $44 {[%csl Rg2,Gg4] Schwarz hat Gegenspiel. Im Lager des Gegners sind die
weißen Felder schwach.}) 20... Rae8 21. Kg2 $1 $16 {[%csl Rh4][%cal Rc3h3,
Rh3h4] Die schwarze Dame befindet sich in großer Not. Es droht jetzt der
Damenfang mit 22.Rh3.} Rxe2 {Schwarz muß Material geben.} (21... Re4 22. Rh3
Rxf4 23. Qxf4 Qxf4 24. Rxf4 $16) 22. Rxe2 f6 (22... Qg4+ 23. Rg3 Qd7 24. Be5)
23. Rh3 (23. Bd6) 23... Qg4+ 24. Rg3 Qf5 25. Bd6 $18 {Schwarz hat die Qualität
weniger und auch sein König ist angreifbar. Er gab daher die Partie auf.} (25.
Bd6 Rd8 (25... Rf7 26. Re8+ Bf8 27. Bxf8 Rxf8 28. Rxf8+ Kxf8 29. gxf6 {[%csl
Rf8]} Qxf6 30. Rf3 $18 {[%cal Rf3f8]}) (25... Rc8 26. gxf6 Bxf6 (26... Qxf6 27.
Be5 $18) 27. Qh6 $18) 26. Be7 Re8 27. Bxf6 Rxe2+ 28. Qxe2 Bxf6 29. gxf6 $18)
1-0

[Event "St Petersburg op"]
[Site "St Petersburg"]
[Date "1994.??.??"]
[Round "3"]
[White "Ioffe, Alexander"]
[Black "Tunik, Gennady"]
[Result "0-1"]
[WhiteElo "2320"]
[BlackElo "2430"]
[Annotator "Ribli,Z"]
[PlyCount "64"]
[EventDate "1994.02.??"]
[EventType "swiss"]
[EventRounds "9"]
[EventCountry "RUS"]
[SourceTitle "CBM 041"]
[Source "ChessBase"]
[SourceDate "1994.08.01"]
[SourceVersion "1"]
[SourceVersionDate "1994.08.01"]
[SourceQuality "1"]

1. d4 d6 2. Nf3 Bg4 3. g3 $6 Bxf3 4. exf3 g6 (4... e6 $5 5. f4 $6 c6 6. Bg2 g6
7. O-O Bg7 8. a4 $6 Ne7 $15 {Bischoff,K-Hickl,J/Baden Baden-B/1992/CBM33/}) 5.
Bg2 Bg7 6. O-O Nd7 7. f4 c6 8. Re1 e6 9. f5 $6 (9. c3 Ne7 $13) 9... gxf5 10.
Bf4 Ndf6 11. c3 Ne7 12. Na3 d5 $1 13. Nc2 Qd7 14. Nb4 Ng6 $15 15. Be3 h5 16. h4
Ne4 17. Nd3 Bf6 18. Nf4 Nxf4 19. Bxf4 O-O-O 20. Qa4 a6 21. Qc2 Rdg8 $1 $36 22.
Kh2 Be7 23. f3 Nf6 24. Be5 Rh6 25. Bxf6 Rxf6 26. f4 Rfg6 27. Re3 Qd8 (27...
Bxh4 $2 28. gxh4 Rxg2+ 29. Qxg2 Rxg2+ 30. Kxg2 Qd8 31. Kh3 $15) 28. Rg1 Bd6 (
28... Bxh4 $2 29. gxh4 Qxh4+ 30. Rh3 Qxf4+ 31. Kh1 $15) 29. Qe2 (29. Qf2 Rxg3
$1 30. Rxg3 (30. Qxg3 Rxg3 31. Kxg3 Qg8+ $19) 30... Qxh4+ 31. Bh3 Bxf4 $19)
29... Rxg3 $1 30. Rxg3 Bxf4 31. Bh3 Qxh4 32. Qf3 Qg5 0-1

[Event "Biel SKA"]
[Site "Biel"]
[Date "1991.??.??"]
[Round "9"]
[White "Bareev, Evgeny"]
[Black "Adams, Michael"]
[Result "1-0"]
[WhiteElo "2680"]
[BlackElo "2615"]
[Annotator "Ribli,Z"]
[PlyCount "85"]
[EventDate "1991.07.??"]
[EventType "tourn"]
[EventRounds "14"]
[EventCountry "SUI"]
[EventCategory "15"]
[SourceTitle "CBM 025"]
[Source "ChessBase"]
[SourceDate "1991.12.01"]
[SourceVersion "1"]
[SourceVersionDate "1991.12.01"]
[SourceQuality "1"]

1. d4 d6 2. Nf3 Bg4 3. c4 Nd7 4. Qb3 Rb8 5. Be3 (5. g3 c5 (5... g6 6. Nfd2 Bg7
7. h3 Be6 8. d5 Nc5 9. Qc2 Bd7 10. Nc3 c6 11. Nb3 Nxb3 12. axb3 Nf6 13. Bg2
cxd5 14. cxd5 a5 15. e4 O-O 16. Be3 b5 17. Ne2 $14 {Hansen,Cu-Jansa,V
Kerteminde 1991 CBM/23}) 6. d5 g6 7. h3 Bxf3 8. exf3 Bg7 9. a4 Ngf6 10. Bg2 O-O
11. O-O Ne8 $14 {Arlandi,E-Mokry,K Reggio mem Chicco 1991 EXP/21}) 5... c6 6.
Nc3 Ngf6 7. Nd2 Qa5 8. d5 e5 9. f3 Bf5 10. Bf2 e4 11. g4 Bg6 12. g5 Nh5 13. Bh3
$1 Be7 (13... Nc5 14. Bxc5 Qxc5 15. Ncxe4 $16) 14. Bxd7+ Kxd7 15. c5 $1 cxd5
16. Qxd5 Qb4 17. cxd6 Nf4 18. Qb3 Bxd6 19. Qxb4 Bxb4 20. Bg3 $1 e3 21. Nb3 Ne6
22. O-O-O+ Kc6 23. Bxb8 Rxb8 24. Nd4+ Nxd4 25. Rxd4 Bc5 26. Rd5 b5 27. Rhd1 Rc8
28. h4 b4 29. Ne4 Bb6 30. R1d3 Kb7+ 31. Kd1 Ka6 32. Rd6 Ka5 33. b3 f5 34. R3d5+
Ka6 35. Nc5+ Kb5 36. Nd3+ Ka6 37. Rd7 Ba5 38. R7d6+ Bb6 39. Nxb4+ Kb7 40. f4
Bc7 41. Rd7 Kb6 42. a4 a6 43. a5+ 1-0

[Event "Muenster"]
[Site "Muenster"]
[Date "1992.??.??"]
[Round "7"]
[White "Blatny, Pavel"]
[Black "Jansa, Vlastimil"]
[Result "0-1"]
[WhiteElo "2515"]
[BlackElo "2455"]
[Annotator "Ribli,Z"]
[PlyCount "80"]
[EventDate "1992.07.??"]
[EventType "tourn"]
[EventRounds "11"]
[EventCountry "GER"]
[EventCategory "8"]
[SourceTitle "CBM 031"]
[Source "ChessBase"]
[SourceDate "1992.12.01"]
[SourceVersion "1"]
[SourceVersionDate "1992.12.01"]
[SourceQuality "1"]

1. d4 d6 2. Nf3 Bg4 3. c4 Nd7 4. Qb3 Rb8 5. g3 g6 6. Bg2 Bg7 7. Nbd2 c5 8. e3
Ngf6 9. O-O (9. a4 $5) 9... b5 $1 (9... O-O 10. a4 Qa5 11. h3 Bxf3 12. Nxf3 Ne4
13. Qd3 f5 14. Nd2 Nef6 15. d5 a6 16. Ra3 Nh5 $2 17. Kh2 Nhf6 18. Qc2 $14 {
Razuvaev,Y-Jansa,V Prague Chip 1992 CBM/27}) 10. cxb5 a6 11. Ng5 $2 (11. a4 $5
O-O $44) 11... O-O 12. f3 Rxb5 $1 13. Qd3 cxd4 $1 $17 14. Nxf7 Rxf7 15. fxg4
dxe3 16. Qxe3 Nxg4 17. Qa7 Nc5 $1 18. Rxf7 Bd4+ 19. Kh1 Kxf7 20. Ne4 Kg8 21.
Rb1 d5 $1 22. Ng5 Nf2+ 23. Kg1 Nfe4+ 24. Kf1 Nxg5 25. Bxg5 Rb7 26. Bxe7 Rxe7
27. Bxd5+ Kg7 28. Qa8 Rf7+ 29. Kg2 Rf2+ 30. Kh1 Qxa8 31. Bxa8 Rxb2 32. Rd1 Bf6
33. Bd5 Rc2 34. a4 a5 35. Kg1 Rc3 36. Bc6 Rc4 37. Rd5 Bd4+ 38. Kg2 Rc2+ 39. Kh1
Rc1+ 40. Kg2 Rc2+ 0-1

[Event "Beersheba"]
[Site "Beersheba"]
[Date "1993.??.??"]
[Round "9"]
[White "Skembris, Spyridon"]
[Black "Gulko, Boris F"]
[Result "0-1"]
[WhiteElo "2545"]
[BlackElo "2635"]
[Annotator "Ribli,Z"]
[PlyCount "60"]
[EventDate "1993.??.??"]
[EventType "tourn"]
[EventRounds "11"]
[EventCountry "ISR"]
[EventCategory "12"]
[SourceTitle "CBM 038"]
[Source "ChessBase"]
[SourceDate "1994.02.01"]
[SourceVersion "1"]
[SourceVersionDate "1994.02.01"]
[SourceQuality "1"]

1. d4 d6 2. Nf3 Bg4 3. e4 Nf6 4. h3 Bh5 5. Qe2 (5. Bd3 e6 6. c4 Nc6 $13 {
Hansen,LB-Hickl,J/Polanica Zdroj/1993/CBM37/}) 5... e6 (5... c6 $5 {Suba,
M-Hodgson,JM/Kuala Lumpur/1992/EXP31/}) 6. Bg5 Be7 7. Bxf6 Bxf3 (7... Bxf6 $4
8. Qb5+ $18) 8. Qb5+ c6 9. Qxb7 Bxf6 10. Qxa8 $6 (10. gxf3 $5 Nd7 11. c3 $14)
10... Qb6 $1 (10... Bxe4 11. Nc3 Bxc2 12. Qxa7 O-O 13. Rc1 $16) 11. Nd2 Bxd4 (
11... Bh5 12. Nc4 Qc7 13. e5 $16) 12. gxf3 Bxf2+ 13. Kd1 O-O $44 14. Nc4 Qc7
15. Ke2 (15. Rh2 Bg3 16. Rg2 Nd7 17. Qxf8+ Kxf8 18. Rxg3 d5 $15) 15... Bg3 16.
Rg1 Bh2 17. Rg2 Nd7 18. Qxf8+ Kxf8 19. Rxh2 d5 20. f4 Qxf4 $1 (20... dxc4 21.
Kf3 $15) 21. Rf2 Qxe4+ 22. Ne3 d4 23. Bg2 (23. Rf3 Ne5 24. Rg3 dxe3 $19) 23...
Qxe3+ 24. Kf1 Ne5 25. Re1 Qg3 26. b3 c5 27. Rfe2 Ng6 28. Rf2 Nf4 29. Rxf4 Qxf4+
30. Kg1 Qd2 0-1

[Event "Cutro 05th"]
[Site "Cutro"]
[Date "1999.04.29"]
[Round "8"]
[White "Epishin, Vladimir"]
[Black "Djuric, Stefan"]
[Result "1-0"]
[WhiteElo "2578"]
[BlackElo "2517"]
[Annotator "Ribli,Z"]
[PlyCount "95"]
[EventDate "1999.04.??"]
[EventType "tourn"]
[EventRounds "11"]
[EventCountry "ITA"]
[EventCategory "10"]
[SourceTitle "CBM 071"]
[Source "ChessBase"]
[SourceDate "1999.08.01"]
[SourceVersion "1"]
[SourceVersionDate "1999.08.01"]
[SourceQuality "1"]

{[%mdl 1056]} 1. d4 d6 2. Nf3 g6 3. c4 Bg7 4. e4 {Das ist Epishins
Lieblingsvariante. Ribli.} Bg4 {[%csl Yd4] Eine logische Fortsetzung. Schwarz
spielt gegen den Zentrumsbauern d4.} (4... e5 5. Bg5 f6 6. Be3 $14) 5. Be2 Bxf3
{Schwarz gibt freiwillig den Läufer auf. Der d4-Bauer verliert so einen
Verteidiger.} (5... Nc6 6. Be3 Bxf3 7. Bxf3 e5 {Mit Zugumstellung ist die
Partiefortsetzung erreicht.} 8. d5 (8. dxe5 $2 dxe5 $17 {[%csl Yd4]}) 8... Nd4)
6. Bxf3 Nc6 7. Be3 e5 8. d5 (8. dxe5 $2 dxe5 $17 {[%csl Yd4] Das Feld d4 ist
eine dauerhafte Schwäche im weißen Lager.}) 8... Nd4 9. Bxd4 (9. Nc3 c5 10.
dxc6 bxc6 11. O-O Rb8 $11) 9... exd4 10. Nd2 (10. Na3 {[%cal Ga3c2,Gc2e1,Ge1d3]
Weiß plant das Blockademanöver Nc2-e1-d3.} c5 11. dxc6 bxc6 12. O-O Ne7 $11)
10... Nf6 $146 {Der schwarze Springer strebt über d7 entweder nach c5 oder
nach e5.} (10... c5 11. dxc6 bxc6 12. b4 Ne7 13. O-O O-O 14. Nb3 Qb6 15. a3
Rab8 16. c5 dxc5 17. Nxc5 Rfd8 18. Nd3 a5 19. Qc2 axb4 20. axb4 Ra8 21. g3 $14
{Epishin,V-Gulko,B/Yerevan 1996/Inf 66 (21)}) (10... Ne7 11. Be2 (11. O-O c6
12. Nb3 cxd5 13. exd5 O-O 14. Qd3 Rc8 15. Bg4 f5 16. Bf3 Qb6 17. Rfe1 Rc7 18.
c5 dxc5 19. Qc4 {1-0 Jimenez,G-Calderin,R/Monterrey 1993/EXT 98 (36)}) 11...
O-O 12. O-O c6 13. Nf3 Qb6 14. Qd2 f5 $132 15. Bd3 fxe4 16. Bxe4 cxd5 17. cxd5
Rac8 18. Qe2 Bf6 19. Ne1 Bg7 20. Nd3 {1-0 Epischin-Gulko/Philadelphia op, SW
1998 (34)}) 11. O-O Nd7 12. Be2 {Weiß möchte seine Läuferstellung verbessern.
Nach 13.Bd3 kann er die Bauernmehrheit am Königsflügel mobilisieren.} d3 $5 {
Mit diesem zeitweiligen Bauernopfer öffnet Schwarz die Diagonale des Läufers
g7.} (12... O-O 13. Bd3) 13. Bxd3 Bxb2 14. Rb1 Bg7 {[%csl Gg7][%cal Gg7a1]} 15.
f4 (15. Rxb7 $2 Nc5 $17 {[%cal Rc5d3,Rc5b7]}) 15... O-O (15... Nc5 16. Nf3 $14)
16. Nf3 $14 {Der schwarze Läufer steht sehr aktiv in der langen Diagonalen,
aber Weiß entfaltet starken Druck im Zentrum.} Qf6 17. Qd2 (17. Rxb7 Qxf4 (
17... Nc5 18. Rxc7 Qd8 19. Rxc5 dxc5 20. e5 $16 {[%csl Gd5,Ge5]}) 18. Rxc7 Nc5
$132) 17... Bh6 18. g3 Nc5 (18... b6 19. Bc2 $14) 19. Rbe1 {Weiß bereitet den
Durchbruch e4-e5 vor.} Rae8 20. Bb1 Qd8 21. h4 $5 {Weiß muß sich mit seiner
Hauptidee (e4-e5) nicht beeilen und verbessert zunächst die Stellung.} Qd7 {
[%cal Gd7h3,Gd7a4]} 22. Kg2 Qa4 23. Qc2 Re7 (23... Qxc2+ 24. Bxc2 $14) 24. Rf2
{[%cal Gf2e2]} Rfe8 25. Rfe2 Bg7 26. e5 {Es droht noch nichts konkretes, aber
der weiße Druck ist enorm.} a6 27. h5 $5 Qxc2 28. Bxc2 dxe5 (28... gxh5 29. Nh4
dxe5 30. Nf5 Rd7 31. fxe5 $44 {[%csl Gf5]}) 29. hxg6 hxg6 (29... e4 30. gxf7+
Kxf7 31. Ng5+ $16 {[%cal Rg5f7,Rg5e4]}) 30. fxe5 f5 $6 {Schwarz verliert die
Geduld. Dieser scheinbar aktive Zug hilft nur dem Weißen, der jetzt einen
starken Freibauern auf e5 besitzt.} (30... Kf8) (30... Nd7 31. e6 $16) 31. e6 {
[%csl Ge6]} Bf6 32. g4 $1 $16 {Weiß öffnet die Stellung für den Läufer c2.}
fxg4 33. Ne5 {[%csl Rg4,Rg6]} Bh4 (33... Bxe5 34. Rxe5 Rg7 (34... Kg7 $2 35.
Rg5 $18) 35. Rg5 $16 (35. Kg3 $16)) (33... Nxe6 $2 34. Nxg6 $18 {[%csl Gg6]} (
34. dxe6 Rxe6 {[%csl Re5]} 35. Bxg6 R8e7 36. Bf7+ Rxf7 37. Nxf7 Rxe2+ 38. Rxe2
Kxf7 $14)) 34. Rh1 Nxe6 {[%cal Re6f4,Rf4e2,Rf4g2] Schwarz opfert den Springer,
um den Bauern e5 loszuwerden.} (34... Bg5 35. Bxg6 Rf8 36. Bf7+ Kg7 37. Kg3 $16
{[%csl Rg4,Rg7][%cal Ge2h2,Gh1h7]}) 35. dxe6 Rxe6 36. Rxh4 Rxe5 {Schwarz hat
jetzt erstmal drei Bauern für die Figur, aber seine g-Bauern sind kaum zu
halten. Das reduzierte Material bietet ihm einige Rettungschancen.} 37. Rf2 $5
(37. Rxe5 Rxe5 38. Bxg6 (38. Rxg4 $4 Re2+ {[%cal Re2g2,Re2c2]}) 38... Re2+ {
[%cal Re2g2,Re2a2]}) 37... Rg5 38. Rd2 {[%cal Gd2d8]} Re7 39. Bd1 {[%csl Rg4]}
Kg7 (39... g3 40. Bf3 c6 41. Rh3 {[%csl Rg3]}) 40. Rxg4 Rxg4+ 41. Bxg4 Re4 {
[%cal Re4g4,Re4c4]} 42. Bc8 (42. Be2 $16) (42. Bf3 $16) 42... b6 $2 {Ein
unverständlicher Zug, mit dem der Schwarze in schwieriger Lage dem Weißen die
Aufgabe erleichtert.} (42... Rxc4 43. Bxb7 $16 {Weiß hat gute Gewinnchancen,
aber nach dem Partiezug ist es viel einfacher.}) 43. Bxa6 $18 Kf7 44. Rd7+ Re7
45. Rxe7+ Kxe7 46. c5 $1 bxc5 (46... Kd7 47. cxb6 cxb6 48. a4 $18) 47. a4 {
[%csl Ga4]} Kd6 48. a5 {Und Schwarz muß aufgeben. Der weiße a-Bauer
entscheidet die Partie.} 1-0

[Event "Interpolis"]
[Site "Tilburg"]
[Date "1992.10.09"]
[Round "1.2"]
[White "Lutz, Christopher"]
[Black "Epishin, Vladimir"]
[Result "0-1"]
[WhiteElo "2550"]
[BlackElo "2630"]
[Annotator "Ribli,Z"]
[PlyCount "152"]
[EventDate "1992.10.08"]
[EventType "k.o."]
[EventRounds "7"]
[EventCountry "NED"]
[SourceTitle "CBM 032"]
[Source "ChessBase"]
[SourceDate "1993.02.01"]
[SourceVersion "1"]
[SourceVersionDate "1993.02.01"]
[SourceQuality "1"]

1. Nf3 d6 2. d4 Bg4 3. e4 Nf6 4. Nc3 e6 5. h3 Bh5 6. Qe2 c6 (6... a6 $5 7. g4
Bg6 8. h4 h5 9. g5 Nfd7 10. Bh3 (10. Be3 b5 11. Nd2 Nb6 12. Bh3 b4 13. Ncb1 d5
14. f3 Nc6 $13 {Berg,K-Jansa,V Herning 1991 EXP/27}) 10... b5 11. a3 Be7 12.
Bf4 Nb6 $13 {Polgar,Zsu-Anand,V Amsterdam OHRA-B 1990 CBM/20}) 7. g4 Bg6 8. Bg5
(8. h4 $1 h6 (8... h5 9. g5 Nfd7 10. Bh3 Be7 11. Be3 d5 12. Nd2 Nb6 13. f4 $14
{Goldin,A-Okhotnik,V Kusadasi op 1990 EXP/18 49/68}) 9. h5 Bh7 10. g5 hxg5 11.
Nxg5 $5 d5 12. e5 Ng8 13. Bh3 $14 {Farago,I-Nevednichy,V Bled op 1992 CBM/29})
8... Nbd7 9. Bg2 (9. e5 dxe5 10. dxe5 Qb6 $1 $13) 9... Be7 10. Nd2 e5 $1 11.
Nb3 Nf8 12. Be3 (12. d5 $2 Nxd5 $1) (12. O-O-O Nxe4 $1) 12... Ne6 13. O-O-O Nd7
14. h4 h6 15. Rd2 Nf4 16. Qf3 Nxg2 17. Qxg2 f6 18. Rhd1 O-O 19. dxe5 Nxe5 20.
Bd4 Nc4 21. Re2 b5 22. f4 b4 23. Nb1 Qc8 $1 $13 24. N3d2 Qa6 25. Nxc4 Qxc4 26.
b3 Qa6 27. Rh1 c5 (27... Qxa2 $2 28. g5 fxg5 29. hxg5 hxg5 30. f5 $16) 28. Bb2
c4 29. bxc4 Qxc4 30. g5 Bh5 31. gxh6 (31. Rd2 $5) 31... g6 32. Rd2 Kh7 33. Rd4
Qxa2 34. Rd5 Rg8 35. Qh3 f5 $1 36. Qd3 Bf8 37. Rb5 Qf7 38. Qd5 (38. exf5 Re8
$44) 38... Qxd5 39. exd5 Kxh6 40. Re1 Bg7 41. Re6 a5 42. Rb7 (42. Rxd6 $5)
42... Bf3 43. Rxd6 Bxb2+ 44. Kxb2 Rgd8 $1 45. Rbb6 Rxd6 46. Rxd6 a4 47. Nd2 a3+
48. Ka2 Bg2 49. Nb3 Rc8 50. Nd4 Be4 51. Ka1 Bxc2 52. Rb6 Be4 53. Rxb4 Bxd5 $19
54. Rb1 Rc3 55. Rd1 Bc4 56. Rg1 Bf7 57. Kb1 Rh3 58. Nc6 Rxh4 59. Ne5 Kg7 60.
Rf1 Rh2 61. Ka1 Re2 62. Kb1 g5 $1 63. Rg1 Ba2+ 64. Ka1 Kf6 65. Nd3 gxf4 66.
Nxf4 Rh2 67. Rg3 Rh4 68. Ng6 Rg4 69. Rxg4 fxg4 70. Nf4 Kg5 71. Ne2 Bc4 72. Ng3
Kf4 73. Nh5+ Kf3 74. Kb1 Bf7 75. Ng7 g3 76. Nf5 Bg6 0-1